MDQL
is popping MORE tags! Check the
thread
!
Quizzes
Events
Quiz Creation
Community
Videos
Private Events
Remove Ads
Sign In
Join for FREE
Feedback
Dark Mode
Quiz Categories
Sports
Geography
Music
Movies
Television
Just For Fun
Miscellaneous
History
Literature
Language
Science
Gaming
Entertainment
Religion
Holiday
For Kids
Quiz Lab
Recent
Popular Today
Quiz Kudos Today
Editor Picks
Curator Picks
Quizzes by...
Day
Popularity
Type
Ratings
Length
Year
Community
Subscriptions
Recent Discussions
Orange Saloon
Badges
Playlists
Quests
Create
Leaderboards
Showdown
Live 5
Trivia Bingo
Activity
Puzzle Library
Sporcle Events
Private Events
Virtual Trivia
Globe League
Become a Host
Pub Owners
SporcleCon
Opinionation
Our Games
Videos
Blog
Mobile Apps
Partnerships
Remove Ads and Go Orange
Feedback
Entertainment
Celebrity
Famous
Musical
Broadway
Show
Quote
Comic Books
Anime
Superhero
DC Comics
Marvel
Cartoons
Animation
Entertainment
Celebrity
Famous
Musical
Broadway
Show
Quote
Comic Books
Anime
Superhero
DC Comics
Marvel
Cartoons
Animation
Random Quiz
Search Sporcle
×
Quiz Lab
Quiz Lab
Entertainment
Type in answers that appear in a list
Type in answers that appear in a list
Classic
Best Score? Go Orange.
Most Watched Series Finales (US) Stats
Can you name the most watched television series finales (US)?
By
jimmydoom
10m
158 Questions
238 Plays
238 Plays
238 Plays
Comments
Comments
Give Quiz Kudos
Give Quiz Kudos
-
- Ratings
hide this ad
Replay
Link that replays current quiz
Next Quiz
Link to next quiz in quiz playlist
You Got
0%
They Got
Avg Score
42%
Avg Friend Score
Upgrade to see
Score Distribution
Jump to the score distribution portion of the page
Score
0/158
Timer
10:00
0
Plays Today
Final Episode Airdate
Television Show
% Correct
6 May 2004
Friends
94.1%
28 February 1983
M*A*S*H
92.4%
14 May 1998
Seinfeld
89.5%
20 May 1993
Cheers
89.1%
13 May 2004
Frasier
76.9%
23 May 2010
Lost
76.9%
28 April 2000
Cosby
76.9%
2 April 2009
ER
75.2%
3 May 1991
Dallas
73.9%
8 April 1979
All in the Family
73.1%
16 May 2005
Everybody Loves Raymond
72.3%
23 May 1995
Full House
69.3%
14 May 1989
Family Ties
67.6%
9 May 1992
The Golden Girls
66.8%
20 May 1997
Roseanne
66.8%
25 May 1999
Home Improvement
59.7%
30 April 1992
The Cosby Show
59.2%
25 April 1992
Growing Pains
59.2%
17 July 1998
Family Matters
58.8%
11 May 1989
Dynasty
58.4%
24 May 2010
Law & Order
57.6%
25 May 1988
St. Elsewhere
57.1%
21 May 1990
Newhart
56.3%
10 June 2007
The Sopranos
56.3%
18 May 2006
Will & Grace
55.5%
1 May 1988
Magnum, PI
55%
17 May 2000
Beverly Hills, 90210
55%
31 March 1975
Gunsmoke
54.2%
20 May 2003
Buffy the Vampire Slayer
54.2%
23 May 1994
Star Trek: The Next Generation
53.4%
19 May 1994
L.A. Law
53.4%
25 April 1992
Who's the Boss?
52.9%
5 May 1997
Married...With Children
52.9%
24 May 1999
Mad About You
52.5%
1 March 2005
NYPD Blue
52.5%
20 May 1996
The Fresh Prince of Bel-Air
51.7%
24 May 1999
Melrose Place
51.7%
29 August 1967
The Fugitive
50.8%
7 May 1988
The Facts of Life
50.4%
22 May 1992
The Tonight Show Starring Johnny Carson
50%
12 May 1993
The Wonder Years
50%
16 January 1973
Bonanza
49.6%
18 May 1998
Murphy Brown
49.6%
22 February 2004
Sex and the City
49.6%
24 March 1990
ALF
49.2%
24 May 2010
24
48.7%
13 May 1993
Knots Landing
47.9%
4 May 2000
Chicago Hope
47.9%
5 May 2000
Boy Meets World
47.5%
19 May 1996
Murder, She Wrote
47.1%
14 May 2007
The King of Queens
47.1%
19 May 2004
Angel
47.1%
14 May 2006
The West Wing
46.6%
Final Episode Airdate
Television Show
% Correct
17 May 1990
Falcon Crest
45%
20 May 2002
Ally Mcbeal
45%
26 June 1998
Step by Step
44.5%
21 May 1997
Wings
44.1%
19 May 2002
The X-Files
43.3%
2 June 1999
Star Trek: Deep Space Nine
43.3%
21 May 1989
Miami Vice
42.4%
28 June 1989
Miami Vice
42.4%
23 May 2001
Star Trek: Voyager
42%
7 May 1995
Matlock
41.6%
22 May 1989
Kate & Allie
41.6%
14 May 2003
Dawson's Creek
41.2%
5 May 1993
Quantum Leap
40.8%
24 May 1993
Designing Women
40.8%
15 May 2007
Gilmore Girls
40.8%
20 March 2009
Battlestar Galactica
40.8%
13 May 2005
Star Trek: Enterprise
40.3%
8 July 1990
Mr. Belvedere
39.9%
22 May 2006
Alias
39.9%
22 February 2007
The O.C.
39.9%
24 March 1993
Doogie Howser, M.D.
39.5%
17 March 2010
Scrubs
39.5%
29 April 2005
JAG
39.1%
30 April 2002
Spin City
39.1%
21 May 1992
MacGyver
38.7%
29 April 1995
Empty Nest
38.7%
22 May 2007
Veronica Mars
38.7%
28 January 2004
Becker
38.2%
14 May 1989
Moonlighting
38.2%
16 May 2004
The Practice
37.8%
22 May 2001
3rd Rock from the Sun
37.4%
8 May 1993
A Different World
37.4%
17 September 2010
As the World Turns
37.4%
18 May 2006
That 70's Show
37%
13 May 2007
7th Heaven
37%
18 September 2009
Guiding Light
37%
3 March 2010
Nip
37%
26 December 2005
Monday Night Football
36.6%
17 February 1998
Grace Under Fire
36.6%
8 September 2004
The Drew Carey Show
36.1%
8 February 2010
Joey
36.1%
20 December 2002
Providence
35.7%
4 December 2009
Monk
35.7%
26 April 1999
Caroline in the City
35.7%
19 May 2001
Walker, Texas Ranger
35.3%
16 May 1998
Dr. Quinn, Medicine Woman
35.3%
27 April 2003
Touched by an Angel
34.9%
12 May 2010
The New Adventures of Old Christine
34.9%
11 May 2001
Diagnosis: Murder
34.9%
3 May 2000
Party of Five
34.9%
29 January 2010
Dollhouse
34.9%
2 May 2010
Cold Case
34.5%
2 June 2009
According to Jim
34.5%
Final Episode Airdate
Television Show
% Correct
23 May 1994
Evening Shade
34%
14 May 1997
Coach
34%
11 May 1991
Amen
34%
5 June 2006
Everwood
34%
21 May 1999
Homicide: Life on the Street
33.6%
24 April 1996
Picket Fences
33.6%
8 December 2008
Boston Legal
33.6%
21 January 2011
Medium
33.6%
16 January 2011
Hannah Montana
33.6%
18 February 2007
Reba
33.6%
6 May 1992
Jake and the Fatman
33.2%
6 May 1990
227
32.8%
16 April 1993
Major Dad
32.4%
6 February 2004
Ed
31.9%
4 May 1996
Sisters
31.5%
15 April 2010
Ugly Betty
31.1%
15 May 2009
Prison Break
31.1%
4 August 1989
Highway to Heaven
30.7%
17 May 2005
My Wife and Kids
30.7%
8 May 2007
George Lopez
30.7%
21 May 2010
Ghost Whisperer
30.3%
30 April 2002
Dharma & Greg
30.3%
14 May 2009
My Name is Earl
30.3%
12 May 1999
The Nanny
29.8%
14 May 2006
Malcolm in the Middle
29.8%
8 February 2010
Heroes
29.8%
16 May 1995
In the Heat of the Night
29.4%
13 September 2009
King of the Hill
29.4%
4 May 1999
NewsRadio
29%
3 August 2007
Drake and Josh
29%
21 May 2006
Charmed
29%
23 May 1993
Life Goes On
28.6%
6 May 2005
Third Watch
28.6%
15 February 2008
Las Vegas
28.6%
15 February 2006
Yes, Dear
28.6%
3 May 2005
Judging Amy
28.2%
22 May 2002
Felicity
28.2%
13 May 1998
Ellen
27.7%
1 May 2004
The District
27.7%
1 May 1997
Martin
27.7%
6 May 2000
Profiler
27.3%
1 January 1998
Living Single
27.3%
10 May 2009
The Unit
26.9%
16 May 2007
Crossing Jordan
26.9%
23 May 1999
Sister, Sister
26.9%
26 March 2001
WCW Monday Nitro
26.9%
13 May 2000
The Pretender
26.5%
10 December 2010
The Good Guys
25.6%
4 May 2001
Nash Bridges
25.2%
14 May 2010
Numb3ers
24.8%
10 May 2004
The Parkers
23.9%
19 May 2009
Without a Trace
23.5%
Quiz Playlist
Details
Report
Send in Message
Add To Playlist
Classic:
Type in answers that appear in a list
Quiz Source
Last Updated: Feb 16, 2017
Quiz Scoreboard
CHALLENGE
Sign Up to Join the Scoreboard
Show All
Scores
Hide
Comments
May contain spoilers
Recently Published
Holiday 10x10 Sorting Gallery
by lukepisani3
Holiday
15m
Two Season TV Shows II
by 123Four
Television
10m
Image Sorting: Flags VI
by Barbecue
Geography
2m
More to Explore
Quiz From the Vault
Featured Blog Post
14 Easter Pick-up Lines to Find Eggs With
hide this ad
You Might Also Like...
Tags
This quiz does not have any tags.
Today's Top Quizzes in Entertainment
Browse Entertainment
hide this ad
Top Contributed Quizzes in Entertainment
1
Marvel Classic Character Map
2
Movie-Themed Roller Coasters
3
Dragon Ball Z: Goku's Fights in Order
4
Marvel Characters Bunker
5
Sorting Pictures: Villains
6
Who stole Onew's chicken? (KPOP LOGIC QUIZ)
7
Haikyuu Logic Quiz
8
Celebrity Spelling Bee
9
JoJo's Bizarre Logic Quiz
10
Harry Styles-Are you no.1 fan
Explore More
Trending Topics
Disney
Harry Potter
NBA
Kpop
Crossword
Marvel
Anime
Puzzle
The Office
Song
Soccer
Country
Pokémon
NFL
WWE
hide this ad
More By:
jimmydoom
Quiz
Plays
Rating
Category
Featured
Created
Metallica Who Wants to Be a Millionaire
82,590
2.83
Music
Jan 5, 2012
WWF/WWE WrestleMania All-Time Stats and Facts
10,412
4.06
Sports
Dec 5, 2011
Chrono Trigger Who Wants to Be a Millionaire
8,857
3.92
Gaming
Jan 3, 2012
WWF/WWE SummerSlam All-Time Stats and Facts
7,431
4.14
Sports
Dec 6, 2011
WWF/WWE Every Wrestler in Every Survivor Series Title Match
5,432
3.76
Sports
Dec 7, 2011
Go to Creator's Profile
Score Distribution
Quiz Creator Spotlight
jimmydoom
Follow
Send a Message
Quizzes Created
-
Created Quiz Play Count
-
More By This Creator
Popular Quizzes Today
1
Find the US States - No Outlines Minefield
2
Colored Red Africa Blitz
3
Find the 'City' Movie
4
The Countries of the World
5
5x2 Blitz: Bands
6
Find the Countries of Europe - No Outlines Minefield
7
Find the US States
8
US States
More Entertainment Quizzes
The 3rd thing you need to know: People called Jackson
Quiz Lab
Trending Quizzes
Colored Red Europe Blitz I
Colored Red Africa Blitz II
Colored Red Europe Blitz II
Even More Two Season TV Shows
Colored Red Africa Blitz III
Recently Updated
Odd Team Out - Big 4 Players
pecheneg
Quick Pick: 20 Twenties
pecheneg
March Madness Men's Triple Doubles
pecheneg
How Do You Spell That?
pecheneg
Godzilla Movies
pecheneg
Grab Bag: 4-10 Letters
pecheneg
2024 March Madness Bracket
pecheneg
Famous TV Couples
Peacemaker
Champions League XIs: Real Madrid
pecheneg
Largest US Cities 1790-2010
pecheneg
Trending Topics
Harry Potter
Marvel
Anime
Crossword
Disney
Kpop
NBA
Pokémon
Soccer
The Office
Country
Song
Puzzle
WWE
NFL
Your Account Isn't Verified!
In order to create a playlist on Sporcle, you need to verify the email address you used during registration. Go to your
Sporcle Settings
to finish the process.
Report this User
Report this user for behavior that violates our
Community Guidelines
.
Details:
Send Report
Go to the Sporcle.com Mobile Site →
Comments